000 00208 a2200097 4500
001 58315
100 _a
245 _akhavaldar lalak jan shaheed
260 _aislamabad
_bjaodah
_c2002
090 _c35802
_d35802
942 _aNUST-CAE
_c
_c28672
999 _c293388
_d293388